Irreverent photo tools for digital photographers / (Record no. 24800)
[ view plain ]
| 000 -LEADER | |
|---|---|
| fixed length control field | 00571nam a2200193 a 4500 |
| 005 - DATE AND TIME OF LATEST TRANSACTION | |
| control field | 20140310183541.0 |
| 008 - FIXED-LENGTH DATA ELEMENTS--GENERAL INFORMATION | |
| fixed length control field | 111011s19uu xx 00 eng d |
| 010 ## - LIBRARY OF CONGRESS CONTROL NUMBER | |
| LC control number | 2009933315 |
| 020 ## - INTERNATIONAL STANDARD BOOK NUMBER | |
| International Standard Book Number | 9781598639957 |
| 050 ## - LIBRARY OF CONGRESS CALL NUMBER | |
| Classification number | TR 267 |
| Item number | .W44 2010 |
| 100 ## - MAIN ENTRY--PERSONAL NAME | |
| Personal name | Weinrebe, Steve |
| 245 ## - TITLE STATEMENT | |
| Title | Irreverent photo tools for digital photographers / |
| Statement of responsibility, etc | Steve Weinrebe. |
| 260 ## - PUBLICATION, DISTRIBUTION, ETC. (IMPRINT) | |
| Place of publication, distribution, etc | Boston, MA : |
| Name of publisher, distributor, etc | Cengage Learning, |
| Date of publication, distribution, etc | c2010. |
| 300 ## - PHYSICAL DESCRIPTION | |
| Extent | xiv, 285 p. : |
| Other physical details | col. ill. ; |
| Dimensions | 26 cm. |
| 521 ## - TARGET AUDIENCE NOTE | |
| Target audience note | |
| 650 ## - SUBJECT ADDED ENTRY--TOPICAL TERM | |
| Topical term or geographic name as entry element | Photography |
| General subdivision | Digital techniques |
| 942 ## - ADDED ENTRY ELEMENTS (KOHA) | |
| Koha item type | Books |
| Source of classification or shelving scheme | Library of Congress Classification |
| Call number prefix | Foreign |
| Withdrawn status | Lost status | Source of classification or shelving scheme | Damaged status | Home library | Current library | Shelving location | Date acquired | Source of acquisition | Total Checkouts | Full call number | Barcode | Date last seen | Date checked out | Copy number | Price effective from | Koha item type |
|---|---|---|---|---|---|---|---|---|---|---|---|---|---|---|---|---|
| Library of Congress Classification | College Library | College Library | General Circulation Section | 01/21/2014 | Donation | 1 | TR 267 .W44 2010 | C13291 | 11/30/2023 | 11/23/2023 | 1 | 01/21/2014 | Books |